00620nam a2200181Ia 4500020001800000082002300018100003000041245006200071260003800133300001100171504002600182650002900208650003300237650004600270650003700316650005200353650003300405 a81-903802-0-6 a305.26091733 CHA-A aChattopadhyay, Krishnadas 0aAged in a suburban context: a study in social gerontology aKolkatabArambag Book Housec2006 ax, 126 aincludes bibliography aGerontologyvMethodology aAgingvPsychological aspects aAgedvSocial conditionszSuburban regions aAgedvAbuse ofzSuburban regions aAgedvLegal status, laws, etczSuburban regions aAgedvCarezSuburban regions